[Event "Schachbezirk Mittelfranken B BezEM 2025"]
[Site "Nürnberg"]
[Date "2025.06.07"]
[Round "3.9"]
[White "Babichev, Vyacheslav"]
[Black "Atturi, Sathwik Reddy"]
[Result "1-0"]
[WhiteElo "1779"]
[BlackElo "1729"]
[PlyCount "120"]
[GameId "2189878358345557"]
[EventDate "2025.??.??"]
[WhiteTeam "SW Nürnberg Süd e.V"]
[BlackTeam "Zabo-Eintracht Nürnberg e.V"]

1. d4 d5 2. c4 e6 3. Nc3 Nf6 4. Bg5 Nbd7 5. e3 Be7 6. c5 h6 7. Bh4 c6 8. b4 e5 9. f3 O-O 10. Bg3 exd4 11. exd4 Re8 12. Be2 Nf8 13. f4 Bf5 14. Nf3 Ng4 15. Qd2 Bf6 16. Ne5 Nxe5 17. fxe5 Bg5 18. Bf4 Ne6 19. Bxg5 Qxg5 20. Qxg5 Nxg5 21. O-O Bg6 22. h4 Ne4 23. Nxe4 Bxe4 24. Rf4 Rab8 25. Raf1 Re7 26. a3 b6 27. Rc1 Rc7 28. Rc3 b5 29. g4 g6 30. Rf6 Kg7 31. Bd3 Bxd3 32. Rxd3 Ra8 33. Rdf3 a5 34. e6 fxe6 35. Rxe6 g5 36. h5 axb4 37. axb4 Ra4 38. Rb3 Rc8 39. Rg6+ Kh7 40. Re3 Rxb4 41. Re7+ Kh8 42. Rxh6+ Kg8 43. Reh7 Rf8 44. Rh8+ Kg7 45. R6h7+ Kf6 46. Rxf8+ Ke6 47. Re8+ Kf6 48. Rc8 Rb1+ 49. Kf2 Rb2+ 50. Ke3 Rb3+ 51. Kd2 Rb2+ 52. Kc3 Re2 53. Rxc6+ Re6 54. Rh6+ Kf7 55. Rcxe6 Kg7 56. c6 b4+ 57. Kxb4 Kf7 58. c7 Kg7 59. Rhg6+ Kf7 60. Ref6+ Ke7 1-0

[Event "Schachbezirk Mittelfranken B BezEM 2025"]
[Site "Nürnberg"]
[Date "2025.06.07"]
[Round "3.10"]
[White "Bharathula, Agasthya"]
[Black "Steindl, Horst"]
[Result "1-0"]
[WhiteElo "1748"]
[BlackElo "1309"]
[PlyCount "93"]
[GameId "2190587928607424"]
[EventDate "2025.??.??"]
[WhiteTeam "NT Nürnberg 1873"]
[BlackTeam "SC Schwarz-Weiß Nürnberg Süd e.V"]

1. e4 c6 2. d4 d5 3. Nc3 g6 4. exd5 cxd5 5. Bb5+ Bd7 6. Bd3 Bg7 7. Nxd5 Bxd4 8. Be4 Nc6 9. Ne3 Nf6 10. Bf3 O-O 11. Ne2 Bxe3 12. Bxe3 b6 13. Nd4 Rc8 14. Bh6 Re8 15. c3 Nxd4 16. Qxd4 Bc6 17. Qxd8 Rexd8 18. Bxc6 Rxc6 19. f3 Re6+ 20. Kf2 Ne8 21. Rhe1 Rxe1 22. Rxe1 e6 23. Bg5 f6 24. Bc1 Kf7 25. Ke2 b5 26. Be3 a6 27. Rc1 Rd7 28. c4 Rc7 29. cxb5 Rxc1 30. Bxc1 axb5 31. Kd3 Ke7 32. Kd4 Kd7 33. Kc5 Nc7 34. Bd2 h5 35. Ba5 g5 36. Bxc7 Kxc7 37. Kxb5 g4 38. Kc5 gxf3 39. gxf3 f5 40. Kd4 Kd6 41. a4 e5+ 42. Ke3 Kd5 43. b4 f4+ 44. Kd3 h4 45. h3 e4+ 46. fxe4+ Ke5 47. a5 1-0

[Event "Schachbezirk Mittelfranken B BezEM 2025"]
[Site "Nürnberg"]
[Date "2025.06.07"]
[Round "3.11"]
[White "Nikolaiev, Hennadii"]
[Black "Barnowski, Roman"]
[Result "1/2-1/2"]
[WhiteElo "1698"]
[BlackElo "1740"]
[PlyCount "98"]
[GameId "2190590255311876"]
[EventDate "2025.??.??"]
[WhiteTeam "NT Nürnberg 1873"]
[BlackTeam "SW Nürnberg Süd"]

1. d4 Nf6 2. Nf3 e6 3. Bf4 d5 4. e3 Bd6 5. Ne5 O-O 6. Bd3 Nfd7 7. Bg3 Nc6 8. f4 f5 9. c3 Ncxe5 10. dxe5 Be7 11. Nd2 Nc5 12. Bc2 b6 13. Nb3 Ne4 14. Nd4 c5 15. Nc6 Qe8 16. Nxe7+ Qxe7 17. Qe2 c4 18. Bxe4 fxe4 19. O-O-O b5 20. Kb1 a5 21. Rhf1 b4 22. Ka1 bxc3 23. bxc3 Rb8 24. Rb1 Bd7 25. Qc2 Qa3 26. Rxb8 Rxb8 27. Rb1 Rxb1+ 28. Kxb1 Ba4 29. Qb2 Qxb2+ 30. Kxb2 Bd7 31. Bh4 Kf7 32. Bd8 a4 33. Ka3 h6 34. Kb4 Ke8 35. Bc7 h5 36. Kc5 g6 37. Kd6 Bc8 38. g3 Kf7 39. Bb6 Bb7 40. h3 Ba8 41. Kc5 Ke7 42. Kb5 Kd7 43. Kxa4 Kc6 44. Bd4 Bb7 45. Ka5 Bc8 46. a4 Kb7 47. Kb4 Kc6 48. a5 Bb7 49. Bb6 Ba6 1/2-1/2

[Event "Schachbezirk Mittelfranken B BezEM 2025"]
[Site "Nürnberg"]
[Date "2025.06.07"]
[Round "3.12"]
[White "Hahn, Thomas"]
[Black "Nüßlein, Christian Thomas"]
[Result "1-0"]
[WhiteElo "1832"]
[BlackElo "1851"]
[PlyCount "109"]
[GameId "2191944423013457"]
[EventDate "2025.??.??"]
[WhiteTeam "Zabo-Eintracht Nürnberg e.V"]
[BlackTeam "SC Anderssen Nürnberg"]

1. e4 c5 2. Nf3 e6 3. d4 cxd4 4. Nxd4 Nf6 5. Nc3 Bb4 6. Bd3 Qb6 7. Be3 Qc7 8. Ndb5 Qc6 9. O-O a6 10. a3 Bc5 11. Nd4 Qd6 12. Nb3 Bxe3 13. fxe3 Nc6 14. Qf3 Ne5 15. Qg3 Nh5 16. Qg5 g6 17. Rad1 h6 18. Qh4 Qe7 19. Qf2 b6 20. Be2 Ng7 21. Qf4 Qg5 22. Nc1 Nh5 23. Bxh5 gxh5 24. Nd3 Rg8 25. Qxg5 Rxg5 26. Nxe5 Rxe5 27. Rf6 Bb7 28. Rdf1 Bxe4 29. Nxe4 Rxe4 30. Rxf7 Ra7 31. Rf8+ Ke7 32. R1f7+ Kd6 33. Kf2 Rc4 34. c3 b5 35. Rh7 a5 36. Rb8 b4 37. axb4 axb4 38. Rxb4 Rxb4 39. cxb4 Ra2 40. Rxh6 Rxb2+ 41. Kf3 Rxb4 42. Rxh5 Rb8 43. g4 Rf8+ 44. Ke2 e5 45. h4 Rg8 46. Kf3 Kd5 47. Rf5 d6 48. h5 Ke6 49. e4 Ra8 50. g5 Ra3+ 51. Kg4 Ra4 52. Rf6+ Ke7 53. Kf5 Ra1 54. h6 Rh1 55. Kg6 1-0

[Event "Schachbezirk Mittelfranken B BezEM 2025"]
[Site "Nürnberg"]
[Date "2025.06.07"]
[Round "3.13"]
[White "Sarcevic, Ivo"]
[Black "Bharathula, Akhila"]
[Result "0-1"]
[WhiteElo "1693"]
[BlackElo "1616"]
[PlyCount "96"]
[GameId "2191946925465193"]
[EventDate "2025.??.??"]
[WhiteTeam "SW Nürnberg Süd"]
[BlackTeam "NT Nürnberg 1873"]

1. e4 e5 2. Bc4 Nc6 3. Nc3 Nf6 4. d3 h6 5. Be3 Bb4 6. Nge2 d6 7. O-O Be6 8. Bxe6 fxe6 9. a3 Ba5 10. b4 Bb6 11. Qd2 Bxe3 12. Qxe3 O-O 13. h3 d5 14. exd5 exd5 15. d4 Re8 16. Qd2 Qd7 17. f4 e4 18. Qe3 Ne7 19. Ng3 c6 20. f5 Rf8 21. Nce2 Nh7 22. Rf4 Nxf5 23. Nxf5 Rxf5 24. Rxf5 Qxf5 25. Rf1 Qg5 26. Nf4 Rf8 27. Qc1 Qf6 28. Nh5 Qxd4+ 29. Kh2 Qe5+ 30. Kh1 Rxf1+ 31. Qxf1 Qxh5 32. Qf4 Qd1+ 33. Kh2 Nf6 34. Qb8+ Kh7 35. Qxb7 e3 36. Qc8 e2 37. Qf5+ Kh8 38. Qc8+ Ng8 39. Qg4 e1=Q 40. Qxd1 Qxd1 41. c3 Nf6 42. a4 Ne4 43. b5 cxb5 44. axb5 Qd3 45. c4 Qg3+ 46. Kg1 Nf2 47. cxd5 Nxh3+ 48. Kh1 Nf4 0-1

[Event "Schachbezirk Mittelfranken B BezEM 2025"]
[Site "Nürnberg"]
[Date "2025.06.07"]
[Round "3.14"]
[White "Nikolaiev, Mykyta"]
[Black "Walch, Roger"]
[Result "0-1"]
[WhiteElo "1470"]
[BlackElo "1804"]
[PlyCount "59"]
[GameId "2192357151455676"]
[EventDate "2025.??.??"]
[WhiteTeam "SGem 1882 Fürth"]
[BlackTeam "SW Nürnberg Süd"]

1. f4 Nf6 2. Nf3 d5 3. e3 c5 4. b3 Nc6 5. Bb5 Bd7 6. Bb2 a6 7. Bxc6 Bxc6 8. d3 e6 9. O-O Be7 10. Ne5 Rc8 11. Nd2 b5 12. Ndf3 h6 13. h4 Bb7 14. Nh2 Qd6 15. Qf3 c4 16. Nhg4 c3 17. Bc1 h5 18. Nf2 g6 19. Nh3 Ng4 20. Ng5 Rf8 21. Nxg4 hxg4 22. Qxg4 f5 23. Qg3 Kd7 24. Nf3 Kc7 25. Kf2 Rh8 26. Rh1 Rcg8 27. Ne5 g5 28. fxg5 f4 29. Qf3 fxe3+ 30. Qxe3 0-1

[Event "Schachbezirk Mittelfranken B BezEM 2025"]
[Site "Nürnberg"]
[Date "2025.06.07"]
[Round "3.15"]
[White "Majid, Hakim"]
[Black "Chitluri, Prajna Sai"]
[Result "1/2-1/2"]
[WhiteElo "1613"]
[BlackElo "1584"]
[PlyCount "101"]
[GameId "2192361607674872"]
[EventDate "2025.??.??"]
[WhiteTeam "SW Nürnberg Süd"]
[BlackTeam "SW Nürnberg Süd e.V"]

1. e4 e5 2. Nf3 Nc6 3. Bc4 Bc5 4. c3 Nf6 5. d3 h6 6. O-O O-O 7. b4 Bb6 8. a4 a6 9. Ba3 d6 10. Nbd2 Bg4 11. b5 axb5 12. axb5 Na5 13. Ba2 Bc5 14. Bxc5 dxc5 15. Qc2 b6 16. Nxe5 Bd7 17. Nxd7 Qxd7 18. c4 Nb7 19. Nf3 Qe6 20. Rad1 Rfe8 21. Bb1 Qg4 22. h3 Qf4 23. Rfe1 Nd7 24. d4 cxd4 25. Rxd4 Ne5 26. Nxe5 Qxe5 27. Rd5 Qf4 28. e5 g6 29. g3 Qf3 30. Re3 Qf5 31. Qb2 Qe6 32. Kg2 c6 33. bxc6 Qxc6 34. Be4 Qxc4 35. Rd7 Nc5 36. Bd5 Ra2 37. Qxa2 Qxa2 38. Bxa2 Nxd7 39. f4 Kg7 40. Rd3 Nc5 41. Rd6 Rb8 42. Bc4 b5 43. Bd5 Nd3 44. Rd7 Rf8 45. e6 b4 46. Ba2 b3 47. Bb1 Nc5 48. Rc7 Nxe6 49. Rb7 Nc5 50. Rb5 Rc8 51. f5 1/2-1/2

[Event "Schachbezirk Mittelfranken B BezEM 2025"]
[Site "Nürnberg"]
[Date "2025.06.08"]
[Round "4.1"]
[White "Balhar, Michael"]
[Black "Waschner, Chili"]
[Result "0-1"]
[WhiteElo "1831"]
[BlackElo "1807"]
[PlyCount "128"]
[GameId "2192366244715575"]
[EventDate "2025.??.??"]
[WhiteTeam "SC Erlangen 48/88"]
[BlackTeam "Zabo-Eintracht Nürnberg e.V"]

1. e4 c6 2. d4 d5 3. exd5 cxd5 4. Bd3 Nc6 5. c3 e5 6. dxe5 Nxe5 7. Bb5+ Nc6 8. Nf3 Bd6 9. Bg5 Nge7 10. Nbd2 O-O 11. O-O h6 12. Be3 Nf5 13. Re1 Nxe3 14. Rxe3 Bc5 15. Re1 Qb6 16. Qe2 Bxf2+ 17. Qxf2 Qxb5 18. Nb3 Be6 19. Nbd4 Nxd4 20. Nxd4 Qd7 21. Rad1 Rfe8 22. Rd3 Bg4 23. Rde3 Rxe3 24. Qxe3 Bh5 25. Qe7 Rd8 26. Qh4 Re8 27. Rxe8+ Qxe8 28. h3 Bg6 29. Qf2 Be4 30. Nf5 Qe5 31. Ne3 f5 32. Nf1 b6 33. Qh4 Qd6 34. Qf2 Qc5 35. Ng3 Qxf2+ 36. Kxf2 g6 37. Ne2 Kf7 38. g3 a6 39. Ke3 Kf6 40. h4 g5 41. a3 Ke5 42. Nd4 f4+ 43. gxf4+ gxf4+ 44. Kf2 Kd6 45. Ke2 Ke5 46. Kf2 Kf6 47. Ne2 Kf5 48. Nd4+ Kg4 49. Ne6 Kxh4 50. Nxf4 Kg4 51. Ne2 h5 52. Ke3 h4 53. Kf2 h3 54. Kg1 Bd3 55. Nc1 Be4 56. Ne2 Bg2 57. Nd4 Kg3 58. Ne2+ Kf3 59. Nd4+ Ke3 60. Nc2+ Kd2 61. Nb4 a5 62. Nc6 Kc2 63. b4 axb4 64. cxb4 Kb3 0-1

[Event "Schachbezirk Mittelfranken B BezEM 2025"]
[Site "Nürnberg"]
[Date "2025.06.08"]
[Round "4.2"]
[White "Hanek, Erik"]
[Black "Schäfer, Ann-Kathrin"]
[Result "0-1"]
[WhiteElo "1546"]
[BlackElo "1795"]
[PlyCount "30"]
[GameId "2192369668079370"]
[EventDate "2025.??.??"]
[WhiteTeam "SW Nürnberg Süd e.V"]
[BlackTeam "SC JÄKLECHEMIE"]

1. e4 c5 2. Nf3 d6 3. d4 cxd4 4. Nxd4 Nf6 5. Nc3 g6 6. Be3 Bg7 7. f3 O-O 8. Bd3 Nc6 9. Qd2 Nxd4 10. Bxd4 Be6 11. O-O-O Qa5 12. Kb1 Rfc8 13. Bxf6 Rxc3 14. Qg5 Qxa2+ 15. Kc1 Bxf6 0-1

[Event "Schachbezirk Mittelfranken B BezEM 2025"]
[Site "Nürnberg"]
[Date "2025.06.08"]
[Round "4.3"]
[White "Dippel, Jörg"]
[Black "Khachatryan, Avetis"]
[Result "1-0"]
[WhiteElo "1901"]
[BlackElo "1768"]
[PlyCount "55"]
[GameId "2192370579832700"]
[EventDate "2025.??.??"]
[WhiteTeam "Anderssen Nbg 1929 e.V."]
[BlackTeam "SG Eckental"]

1. e4 e6 2. d4 d5 3. e5 c5 4. c3 Nc6 5. Nf3 Bd7 6. Be2 Nge7 7. Na3 Nf5 8. Nc2 Be7 9. O-O O-O 10. Ne3 Nxe3 11. Bxe3 Qb6 12. b3 cxd4 13. cxd4 a6 14. h4 h6 15. g3 Na7 16. a4 a5 17. Bd3 Nc6 18. Kg2 Nb4 19. Bb1 f5 20. exf6 Bxf6 21. Ne5 Qc7 22. Bf4 Qd8 23. Qg4 Be8 24. Qxe6+ Kh8 25. Qf5 g6 26. Qg4 h5 27. Nxg6+ Kg7 28. Qxh5 1-0

[Event "Schachbezirk Mittelfranken B BezEM 2025"]
[Site "Nürnberg"]
[Date "2025.06.08"]
[Round "4.4"]
[White "Weißmann, Peter"]
[Black "Bharathula, Agasthya"]
[Result "1-0"]
[WhiteElo "1813"]
[BlackElo "1748"]
[PlyCount "81"]
[GameId "2192372641763550"]
[EventDate "2025.??.??"]
[WhiteTeam "SG 1882 Fürth"]
[BlackTeam "NT Nürnberg 1873"]

1. e4 e6 2. d4 d5 3. Nc3 dxe4 4. Nxe4 Bd7 5. Bd3 Bc6 6. Nf3 Nd7 7. O-O Be7 8. c3 Ngf6 9. Qc2 Nxe4 10. Bxe4 Bxe4 11. Qxe4 c6 12. Qg4 O-O 13. Bh6 Bf6 14. Rad1 Re8 15. Bf4 g6 16. Ne5 Bg7 17. h4 h5 18. Qg3 Nb6 19. c4 Qe7 20. b3 Kh7 21. Nf3 Rad8 22. Rfe1 Rd7 23. Ne5 Bxe5 24. dxe5 Rxd1 25. Rxd1 Rd8 26. Rd6 Rxd6 27. exd6 Qd7 28. Qg5 Nc8 29. Qh6+ Kg8 30. Be5 f5 31. Qh8+ Kf7 32. Qf6+ Kg8 33. c5 b6 34. b4 bxc5 35. bxc5 Qb7 36. Qxe6+ Kf8 37. d7 Qb1+ 38. Kh2 Qh1+ 39. Kxh1 Nd6 40. d8=Q+ Ne8 41. Qdxe8# 1-0

[Event "Schachbezirk Mittelfranken B BezEM 2025"]
[Site "Nürnberg"]
[Date "2025.06.08"]
[Round "4.5"]
[White "Schlötterer, Hermann"]
[Black "Lang, Franz"]
[Result "1-0"]
[WhiteElo "1836"]
[BlackElo "1782"]
[PlyCount "37"]
[GameId "2192375209566895"]
[EventDate "2025.??.??"]
[WhiteTeam "Zabo-Eintracht Nürnberg e.V"]
[BlackTeam "SG Eckental"]

1. d4 d6 2. g3 Nf6 3. Bg2 h6 4. c4 c6 5. h3 Nbd7 6. e4 g5 7. Ne2 Bg7 8. Nbc3 Qc7 9. Be3 Nf8 10. Rc1 Ng6 11. Qd2 e5 12. d5 a6 13. c5 Bf8 14. b4 Nh5 15. Na4 f5 16. cxd6 Bxd6 17. dxc6 bxc6 18. exf5 Bxf5 19. Bxc6+ 1-0

[Event "Schachbezirk Mittelfranken B BezEM 2025"]
[Site "Nürnberg"]
[Date "2025.06.08"]
[Round "4.6"]
[White "Werner, Norbert"]
[Black "Babichev, Vyacheslav"]
[Result "1-0"]
[WhiteElo "1771"]
[BlackElo "1779"]
[PlyCount "91"]
[GameId "2192376034239345"]
[EventDate "2025.??.??"]
[WhiteTeam "SW Nürnberg Süd e.V"]
[BlackTeam "SW Nürnberg Süd e.V"]

1. e4 e5 2. Nf3 Nc6 3. Bc4 Bc5 4. Nc3 a6 5. a4 Nf6 6. d3 h6 7. Be3 Bxe3 8. fxe3 d6 9. h3 O-O 10. O-O Na5 11. Ba2 c5 12. Nd5 Nxd5 13. Bxd5 Be6 14. Qe1 Nc6 15. c3 Bxd5 16. exd5 Ne7 17. c4 Ng6 18. b4 f5 19. bxc5 dxc5 20. Qg3 Qf6 21. Rab1 Rf7 22. a5 f4 23. Qg4 Nf8 24. Rb6 Qf5 25. Qxf5 Rxf5 26. exf4 exf4 27. Rxb7 Rf7 28. Rxf7 Kxf7 29. Nd2 g5 30. Ne4 Nd7 31. g3 Rg8 32. gxf4 g4 33. Kh2 gxh3 34. Kxh3 Rb8 35. Kg4 Rb3 36. Kf5 Ra3 37. Rh1 Rxa5 38. Rxh6 Ra3 39. Rh7+ Ke8 40. Rh8+ Ke7 41. d6+ Kf7 42. Ng5+ Kg7 43. Rh7+ Kg8 44. Rxd7 Rxd3 45. Kg6 Rxd6+ 46. Rxd6 1-0

[Event "Schachbezirk Mittelfranken B BezEM 2025"]
[Site "Nürnberg"]
[Date "2025.06.08"]
[Round "4.7"]
[White "Müller, Gerhard"]
[Black "Jain, Vihaan"]
[Result "1/2-1/2"]
[WhiteElo "1780"]
[BlackElo "1623"]
[PlyCount "55"]
[GameId "2192385227114083"]
[EventDate "2025.??.??"]
[WhiteTeam "SW Nürnberg Süd"]
[BlackTeam "SK 1911 Herzogenaurach e.V."]

1. d4 Nf6 2. Nf3 g6 3. e3 Bg7 4. b3 b6 5. Bb2 Bb7 6. Nbd2 O-O 7. Bd3 d6 8. O-O Nbd7 9. c4 d5 10. Rc1 c5 11. Ne5 Rc8 12. cxd5 Nxd5 13. Ndf3 Nxe5 14. Nxe5 Nb4 15. Bc4 cxd4 16. Bxd4 Nc6 17. Nxc6 Rxc6 18. Bxg7 Kxg7 19. Qe2 f6 20. e4 Qc7 21. Rcd1 Rd6 22. Rde1 e5 23. Qe3 Rd4 24. f3 Rfd8 25. Rc1 Qd7 26. a4 Rd2 27. Bd5 Rd4 28. Bc4 1/2-1/2

[Event "Schachbezirk Mittelfranken B BezEM 2025"]
[Site "Nürnberg"]
[Date "2025.06.08"]
[Round "4.8"]
[White "Süß, Helmut"]
[Black "Nikolaiev, Hennadii"]
[Result "1/2-1/2"]
[Annotator "Dimi"]
[WhiteElo "1866"]
[BlackElo "1698"]
[PlyCount "98"]
[GameId "2192369523265272"]
[EventDate "2025.??.??"]
[WhiteTeam "NT Nürnberg"]
[BlackTeam "NT Nürnberg 1873"]

1. d4 Nf6 2. Bf4 d5 3. e3 g6 4. c4 c6 5. Nc3 Bg7 6. h3 O-O 7. Nf3 e6 8. Qb3 Re8 9. Be2 b6 10. O-O Bd7 11. Ne5 Bc8 12. Rac1 Bb7 13. Bg5 h6 14. Bh4 g5 15. Bg3 Nbd7 16. cxd5 exd5 17. Rfd1 Nxe5 18. Bxe5 Nd7 19. Bxg7 Kxg7 20. a4 Rc8 21. a5 b5 22. Bg4 Rc7 23. Qc2 Nf6 24. Nxb5 Rce7 25. Nc3 Nxg4 26. hxg4 Qxa5 27. Ra1 Qb6 28. Qe2 a6 29. Rd2 Bc8 30. Qf3 Qb7 31. Na4 Qd7 32. Nc5 Qxg4 33. Qxg4 Bxg4 34. Rxa6 Rc8 35. Nd3 f6 36. Nb4 Rec7 37. Rc2 Bd7 38. Rb6 Kf7 39. f3 Be8 40. Kf2 Bd7 41. g4 Kg6 42. Na6 Ra7 43. Nc5 Be8 44. b4 Kf7 45. Nb7 Ke7 46. b5 Rc7 47. bxc6 Bxc6 48. Rcxc6 Rxc6 49. Rxc6 Rxb7 1/2-1/2

[Event "Schachbezirk Mittelfranken B BezEM 2025"]
[Site "Nürnberg"]
[Date "2025.06.08"]
[Round "4.9"]
[White "Barnowski, Roman"]
[Black "Hahn, Thomas"]
[Result "1/2-1/2"]
[WhiteElo "1740"]
[BlackElo "1832"]
[PlyCount "113"]
[GameId "2192386601195122"]
[EventDate "2025.??.??"]
[WhiteTeam "SW Nürnberg Süd"]
[BlackTeam "Zabo-Eintracht Nürnberg e.V"]

1. e4 c5 2. c3 Nc6 3. d4 cxd4 4. cxd4 d6 5. d5 Ne5 6. f4 Nd7 7. Nf3 Qc7 8. Nc3 a6 9. Be3 Ngf6 10. h3 b5 11. Rc1 Qa5 12. Bd2 Qb6 13. Bd3 Bb7 14. Qe2 Nh5 15. Be3 Ng3 16. Bxb6 Nxe2 17. Nxe2 Nxb6 18. b3 Kd7 19. Kd2 g6 20. Rc2 Bh6 21. g4 Rhc8 22. Rhc1 e6 23. Rxc8 Rxc8 24. Rxc8 Bxc8 25. g5 Bg7 26. dxe6+ fxe6 27. Ned4 e5 28. fxe5 dxe5 29. Nc2 Kd6 30. h4 Bg4 31. Ke3 Bd7 32. Nb4 a5 33. Nc2 b4 34. Nce1 Bc6 35. Bc2 Nd7 36. Nd2 Nb6 37. Nd3 h6 38. Nf3 hxg5 39. hxg5 Bd7 40. Kf2 Be6 41. Ke3 Nd7 42. Nb2 Kc5 43. Nd3+ Kb5 44. Bd1 Bf7 45. Be2 Kc6 46. Nb2 Nb6 47. Nd3 Kd6 48. Bd1 Nd7 49. Be2 Nb8 50. Nb2 Nc6 51. Bc4 Bxc4 52. Nxc4+ Kc5 53. Kd3 Kb5 54. Nd6+ Kb6 55. Nc4+ Kc5 56. Nh4 Ne7 57. Nxa5 1/2-1/2

[Event "Schachbezirk Mittelfranken B BezEM 2025"]
[Site "Nürnberg"]
[Date "2025.06.08"]
[Round "4.10"]
[White "Gottlieb, Michael"]
[Black "Ratushnyi, Artur"]
[Result "1/2-1/2"]
[WhiteElo "1789"]
[BlackElo "1694"]
[PlyCount "77"]
[GameId "2192413818988993"]
[EventDate "2025.??.??"]
[WhiteTeam "SV Postbauer e.V."]
[BlackTeam "SW Nürnberg Süd e.V"]

1. d4 Nf6 2. Nc3 d5 3. Bf4 Bd7 4. e3 a6 5. Nf3 e6 6. Ne5 c5 7. Be2 cxd4 8. Qxd4 Nc6 9. Nxc6 Bxc6 10. O-O Be7 11. Rad1 O-O 12. Kh1 Ne8 13. Bd3 Nd6 14. g4 f6 15. Bxd6 Bxd6 16. e4 e5 17. Qe3 d4 18. Bc4+ Kh8 19. Qd3 dxc3 20. Qxd6 Qxd6 21. Rxd6 Rad8 22. Rxd8 Rxd8 23. Bd3 cxb2 24. Rb1 Rd4 25. Rxb2 Kg8 26. f3 Kf7 27. Rb6 Ra4 28. Rb2 Ke7 29. Kg2 Kd6 30. Kf2 Kc5 31. Ke3 g5 32. Kd2 Rb4 33. Rb3 Rxb3 34. axb3 Kb4 35. Bc4 a5 36. c3+ Ka3 37. Kc2 b5 38. Bd5 Be8 39. Bg8 1/2-1/2

[Event "Schachbezirk Mittelfranken B BezEM 2025"]
[Site "Nürnberg"]
[Date "2025.06.08"]
[Round "4.11"]
[White "Bharathula, Akhila"]
[Black "Martick, Ralph"]
[Result "0-1"]
[WhiteElo "1616"]
[BlackElo "1737"]
[PlyCount "100"]
[GameId "2192672840895246"]
[EventDate "2025.??.??"]
[WhiteTeam "NT Nürnberg 1873"]
[BlackTeam "SV Postbauer e.V."]

1. e4 c5 2. Nc3 Nc6 3. g3 e6 4. Bg2 g6 5. d3 Bg7 6. Be3 d6 7. Qd2 Nge7 8. Bh6 O-O 9. Bxg7 Kxg7 10. f4 b5 11. Nxb5 Rb8 12. c4 d5 13. Qc3+ Kg8 14. Na3 dxe4 15. dxe4 Qb6 16. b3 Rd8 17. Ne2 Nb4 18. O-O Bb7 19. Nc2 Rd3 20. Qb2 Rbd8 21. Nxb4 cxb4+ 22. Kh1 Rd2 23. Qf6 R8d7 24. Rfe1 Qf2 25. Qh4 Rxe2 26. Rxe2 Qxe2 27. Rg1 Bxe4 28. Qh3 Rd2 29. c5 Rxa2 30. g4 f5 31. g5 a5 32. Qg3 Kf8 33. h4 Bxg2+ 34. Rxg2 Qxg2+ 35. Qxg2 Rxg2 36. Kxg2 a4 37. bxa4 b3 38. a5 b2 39. a6 b1=Q 40. a7 Qb7+ 41. Kg3 Qxa7 42. c6 Nxc6 43. h5 e5 44. hxg6 hxg6 45. fxe5 Nxe5 46. Kg2 f4 47. Kf1 Ng4 48. Ke1 Qa2 49. Kd1 f3 50. Ke1 Qe2# 0-1

[Event "Schachbezirk Mittelfranken B BezEM 2025"]
[Site "Nürnberg"]
[Date "2025.06.08"]
[Round "4.12"]
[White "Walch, Roger"]
[Black "Steindl, Horst"]
[Result "1-0"]
[WhiteElo "1804"]
[BlackElo "1309"]
[PlyCount "101"]
[GameId "2192676164332666"]
[EventDate "2025.??.??"]
[WhiteTeam "SW Nürnberg Süd"]
[BlackTeam "SC Schwarz-Weiß Nürnberg Süd e.V"]

1. e4 c6 2. d4 d5 3. e5 Bf5 4. h4 h6 5. g4 Be4 6. f3 Bh7 7. Bd3 Bxd3 8. Qxd3 e6 9. c3 Be7 10. h5 Bh4+ 11. Kf1 Bg5 12. f4 Be7 13. Nf3 Nd7 14. Be3 f6 15. Nh4 fxe5 16. Ng6 e4 17. Qe2 Rh7 18. Kg2 Bf6 19. Nd2 Ne7 20. Raf1 Nxg6 21. hxg6 Rh8 22. g5 Ke7 23. gxf6+ Nxf6 24. Qf2 Kd7 25. Qg3 Qb8 26. Nb3 b6 27. Qh3 Qe8 28. f5 exf5 29. Qxf5+ Qe6 30. Rh4 h5 31. Bg5 Raf8 32. Rhf4 Qxf5 33. Rxf5 Ke6 34. Nd2 Nd7 35. Rf7 Rxf7 36. Rxf7 Rg8 37. c4 Nf6 38. Rxa7 Kf5 39. Bh4 Kxg6 40. cxd5 cxd5 41. Rb7 e3 42. Nf3 Kf5 43. Rxb6 Ne4 44. Rb5 Ke6 45. Ng5+ Nxg5 46. Bxg5 Rf8 47. Bxe3 g6 48. Rb6+ Kf5 49. Rd6 Ke4 50. Re6+ Kf5 51. Re5+ 1-0

[Event "Schachbezirk Mittelfranken B BezEM 2025"]
[Site "Nürnberg"]
[Date "2025.06.08"]
[Round "4.13"]
[White "Pickl, Dennis"]
[Black "Schwarzfischer, Andreas"]
[Result "0-1"]
[WhiteElo "1000"]
[BlackElo "1350"]
[PlyCount "44"]
[GameId "2192679564344840"]
[EventDate "2025.??.??"]
[WhiteTeam "SG Büchenbach/Roth"]
[BlackTeam "SW Nürnberg Süd e.V"]

1. d4 e5 2. c3 exd4 3. cxd4 Nf6 4. Bf4 b6 5. e3 Bb7 6. Nc3 Bb4 7. Bd3 Bxg2 8. Ke2 Bxh1 9. Nb5 d6 10. Qa4 Nc6 11. a3 Ba5 12. b4 O-O 13. bxa5 Nxa5 14. Rc1 Nd5 15. Bg3 Re8 16. Qc2 c5 17. Bxh7+ Kh8 18. Nh3 Bg2 19. Ng5 Qxg5 20. Nxd6 Rxe3+ 21. fxe3 Qxe3+ 22. Kd1 Bf3+ 0-1

[Event "Schachbezirk Mittelfranken B BezEM 2025"]
[Site "Nürnberg"]
[Date "2025.06.08"]
[Round "4.14"]
[White "Atturi, Sathwik Reddy"]
[Black "Majid, Hakim"]
[Result "1-0"]
[WhiteElo "1729"]
[BlackElo "1613"]
[PlyCount "97"]
[GameId "2192681864699871"]
[EventDate "2025.??.??"]
[WhiteTeam "Zabo-Eintracht Nürnberg e.V"]
[BlackTeam "SW Nürnberg Süd"]

1. e4 e5 2. Nf3 Nc6 3. Bc4 Bc5 4. c3 Nf6 5. d4 exd4 6. e5 Qe7 7. cxd4 Bb4+ 8. Bd2 Bxd2+ 9. Nbxd2 O-O 10. O-O Ne8 11. Re1 Qb4 12. Qc2 d6 13. Ng5 g6 14. Ndf3 dxe5 15. dxe5 Bf5 16. Qe2 Ng7 17. Rad1 Rae8 18. b3 Bg4 19. Qe4 Bf5 20. Qh4 h5 21. Nd4 Qc5 22. Nxc6 bxc6 23. Qd4 Qa5 24. b4 Qa3 25. Re3 c5 26. Qxc5 Qb2 27. Re2 Qa3 28. Re3 Qa4 29. Rc1 Ne6 30. Nxe6 Bxe6 31. Bb5 Qxa2 32. Bxe8 Rxe8 33. Ree1 Rc8 34. Ra1 Qd2 35. Qxa7 Qg5 36. Qb7 Kg7 37. Qe4 Bf5 38. Qe3 Qe7 39. Qc3 Qe6 40. Ra7 c6 41. Ra6 Kh7 42. Rc1 Be4 43. f3 Bd5 44. b5 Qd7 45. bxc6 Bxc6 46. Rxc6 Rxc6 47. Qxc6 Qd4+ 48. Kh1 Qxe5 49. Qc7 1-0

[Event "Schachbezirk Mittelfranken B BezEM 2025"]
[Site "Nürnberg"]
[Date "2025.06.08"]
[Round "4.15"]
[White "Nüßlein, Christian Thomas"]
[Black "Galter, Norbert"]
[Result "0-1"]
[WhiteElo "1851"]
[BlackElo "1690"]
[PlyCount "28"]
[GameId "2192684750942702"]
[EventDate "2025.??.??"]
[WhiteTeam "SC Anderssen Nürnberg"]
[BlackTeam "Zabo-Eintracht Nürnberg e.V"]

1. b4 e5 2. Bb2 Bxb4 3. Bxe5 Nf6 4. c4 Nc6 5. Bb2 d5 6. e3 d4 7. exd4 Nxd4 8. Nf3 Qe7+ 9. Be2 Nxf3+ 10. gxf3 Bd7 11. Qb3 O-O-O 12. Qe3 Rhe8 13. Qxe7 Rxe7 14. Kf1 Bh3+ 0-1

[Event "Schachbezirk Mittelfranken B BezEM 2025"]
[Site "Nürnberg"]
[Date "2025.06.08"]
[Round "4.16"]
[White "Chitluri, Prajna Sai"]
[Black "Nikolaiev, Mykyta"]
[Result "1-0"]
[WhiteElo "1584"]
[BlackElo "1470"]
[PlyCount "49"]
[GameId "2192685699510887"]
[EventDate "2025.??.??"]
[WhiteTeam "SW Nürnberg Süd e.V"]
[BlackTeam "SGem 1882 Fürth"]

1. e4 c5 2. Nc3 Nc6 3. Bc4 Nf6 4. Nf3 d6 5. h3 e6 6. d3 a6 7. Bg5 Be7 8. O-O b5 9. Bb3 O-O 10. a3 Nh5 11. Bxe7 Qxe7 12. Ne5 Nxe5 13. Qxh5 f5 14. exf5 Rxf5 15. Qxf5 Bd7 16. Qe4 Rf8 17. f4 Bc6 18. Qe3 c4 19. fxe5 Rxf1+ 20. Rxf1 cxb3 21. Qf4 dxe5 22. Qxe5 bxc2 23. Ne2 Bd5 24. Qb8+ Qf8 25. Qxf8# 1-0